00477cam a22001452 4500001001100000005001700011008004100028040001500069245007700084250001300161260005800174300001800232650004300250700003800293000002075220151217161200.0111011s xx 000 0 eng d aKABUcKABU14aThe Kenya law reports :bgender & family /ceditor, Gladys Boss Shollei. a1st ed. aNairobi :bNational Council for Law Reporting,c2008. axcv, 1243 p. 0aDomestic relationszKenya.@00001813051 aShollei, Gladys Boss.@0000178455